Stades de Serie A (2021-2022) - Statistiques

Statistiques générales
  • Ce quiz a été pris 39 fois
  • Le résultat moyen est 4 sur 17
Statistiques - réponses
Équipe(s) Stade Ville Capacité % Correct
AC Milan - Inter Milan Stade San Siro Milan 80 018
100%
SSC Naples Stade Diego Armando Maradona Naples 60 240
76%
AS Rome - SS Lazio Stade olympique de Rome Rome 70 634
76%
Juventus Turin Allianz Stadium Turin 41 504
41%
Torino FC Stade olympique de Turin Turin 27 994
26%
ACF Fiorentina Stade Artemio-Franchi Florence 47 282
21%
Udinese Calcio Dacia Arena Udine 25 500
12%
Atalanta Bergame Gewiss Stadium Bergame 26 542
12%
Cagliari Calcio Sardegna Arena Cagliari 16 233
9%
UC Sampdoria - Genoa CFC Stade Luigi-Ferraris Gênes 36 685
9%
US Sassuolo Mapei Stadium-Città del Tricolore Reggio d'Émilie 23 717
0%
Spezia Calcio Stade Alberto-Picco La Spezia 10 336
0%
US Salernitana 1919 Stade Arigis Salerne 31 000
0%
Empoli FC Stade Carlo-Castellani Empoli 19 847
0%
Hellas Verone Stade Mercantonio-Betengodi Vérone 39 211
0%
Venise FC Stade Pier-Luigi-Penzo Venise 7 789
0%
Bologne FC 1909 Stade Renato-Dall'Ara Bologne 38 279
0%
Aucun quiz correspondant
Distribution des résultats
% des personnes avec chaque résultat
Percentile par nombre de réponses
Votre historique - résultats
Vous n’avez pas pris ce quiz